000 00406nam a2200181Ia 4500
005 20240823051613.0
008 240823s9999||||xx |||||||||||||| ||und||
041 _aENGLISH
082 _A420 Q1
100 _aBoard of Editors
245 0 _aSpot Light of English
250 _aI
260 _c2011
_bponnsai Publi
500 _aYES
650 _aProse Poem
_bEnglish
942 _cBK
999 _c219960
_d219960